• 首页
  • 本馆介绍
  • 公告通知
  • 最新文献
  • 馆藏检索
  • 电子资源
  • 读者导购
  • 参考咨询
  • 我的图书馆
  • 登录
  • 详细信息显示
  • 放入我的书架
  • 预约/预借图书
  • 作者相关作品
  • 分类相关作品
  • 丛书相关作品
  • 出版社相关作品

书目信息

  • 表格格式
  • 工作单格式
  • 卡片格式
题名:
数字集成电路基础与应用
    
 
作者: 孙余凯 , 项绮明 编著
分册:  
出版信息: 北京   电子工业出版社  2006
页数: 324页
开本: 26cm
丛书名:
单 册:
中图分类: TN431.2
科图分类:
主题词: 数字集成电路--教材
电子资源:
ISBN: 978-7-121-02246-3
000 00877nam0 2200253 450-
001 0101267962
005 20060703162538.0
010    @a978-7-121-02246-3@dCNY28.00
100    @a20060509d2006 em y0chiy0120 ea
101 0  @achi
102    @aCN@b110000
105    @ay z 000yy
106    @ar
200 1  @a数字集成电路基础与应用@9Shu;Shuo Zi Ji Cheng Dian Lu Ji Chu Yu Ying Yong @f孙余凯,项绮明等编著@b专著
210    @a北京@c电子工业出版社@d2006
215    @a324页@d26cm
300    @a电子技术基础教材
330    @a本书详细介绍了多种数字集成电路基础电路的结构、工作原理及其使用、检测和代换方法,内容包括数字集成电路基本知识、数字集成电路使用等。
606 0  @a数字集成电路@j教材
690    @aTN431.2@v4
701  0 @a孙余凯@4编著@9sun yu kai
701  0 @a项绮明@c(电器维修)@4编著@9xiang qi ming
801  0 @aCN@bAZmarc@c20230901
905    @aBZT@dTN431@e3@f2@sTN431/3
    
    数字集成电路基础与应用/孙余凯,项绮明等编著.-北京:电子工业出版社,2006
    324页;26cm
    电子技术基础教材
    
    ISBN 978-7-121-02246-3:CNY28.00
    本书详细介绍了多种数字集成电路基础电路的结构、工作原理及其使用、检测和代换方法,内容包括数字集成电路基本知识、数字集成电路使用等。
●
相关链接 在五车中查询图书 在当当中查询图书 在豆瓣中查询图书


正题名:数字集成电路基础与应用     索取号:TN431/3         预约/预借

序号 登录号 条形码 馆藏地/架位号 状态 备注
山东省滨州职业学院图书馆 欢迎您!
大连网信软件有限公司© 版权所有